000 00418nam a22001577a 4500
020 _a0672323478
082 _222
_a005.1
100 _aStark, Scott ...[et al.].
245 _aJBoss administration and development /
260 _bIndianapolis and Sams,
_cc2002.
300 _axiii, 512p. ;
_bill. ;
_c23 cm.
_eCD
700 _aFleury, Marc,
700 _aand The JBoss Group.
942 _2ddc
_cIT
999 _c1335
_d1335
999 _c1465
_d1465